[Event "4NCL Division 1d"]
[Site "Birmingham, ENG"]
[Date "2016.03.20"]
[Round "8.182"]
[White "Brown, Martin"]
[Black "Toma, Katarzyna"]
[Result "1/2-1/2"]
[WhiteElo "2245"]
[BlackElo "2311"]
[PlyCount "130"]
[EventDate "2016.03.20"]
[WhiteTeam "White Rose 2"]
[BlackTeam "South Wales Dragons"]

1. e4 e5 2. Nf3 d6 3. d4 Nd7 4. Bc4 c6 5. a4 Be7 6. Nc3 Ngf6 7. O-O O-O 8. Ba2
h6 9. Re1 Re8 10. h3 Qc7 11. Be3 Nf8 12. Qd2 Be6 13. d5 Bd7 14. Qd3 Ng6 15. Nd2
c5 16. Bc4 Nh5 17. Bb5 Nhf4 18. Qf1 Rf8 19. Bxd7 Qxd7 20. Kh2 f5 21. g3 Rae8
22. exf5 Qxf5 23. Nde4 Qh5 24. g4 Qh4 25. f3 h5 26. Bf2 Qxh3+ 27. Qxh3 Nxh3 28.
Kxh3 Rxf3+ 29. Kh2 hxg4 30. Rg1 Ref8 31. Rxg4 Rxf2+ 32. Nxf2 Rxf2+ 33. Kg3 Rf6
34. Ne4 Rf4 35. Rxf4 Nxf4 36. Rd1 g6 37. Kf3 Kf7 38. c3 Ke8 39. b3 Kf7 40. Rd2
Ke8 41. Rd1 Kf7 42. Nf2 Bd8 43. Nd3 Nxd3 44. Rxd3 Ba5 45. Ke4 Kg7 46. Rf3 a6
47. Kd3 b5 48. axb5 axb5 49. Ke4 b4 50. c4 Bd8 51. Rf2 Be7 52. Ra2 Kf7 53. Ra7
Kf8 54. Ra8+ Kf7 55. Rh8 Kg7 56. Rc8 Kf7 57. Rh8 Kg7 58. Rh1 Kg8 59. Kf3 Kg7
60. Kg4 Kg8 61. Ra1 Kg7 62. Ra7 Kf7 63. Ra8 Kg7 64. Re8 Kf7 65. Rh8 Kg7 1/2-1/2

[Event "4NCL Division 1d"]
[Site "Birmingham, ENG"]
[Date "2016.03.20"]
[Round "8.183"]
[White "Cooper, John G"]
[Black "Weller, Jean-Luc"]
[Result "1/2-1/2"]
[WhiteElo "2275"]
[BlackElo "2249"]
[PlyCount "54"]
[EventDate "2016.03.20"]
[WhiteTeam "South Wales Dragons"]
[BlackTeam "White Rose 2"]

1. d4 Nf6 2. c4 e6 3. Nc3 Bb4 4. e3 c5 5. Bd3 Nc6 6. Nf3 O-O 7. O-O Bxc3 8.
bxc3 d6 9. Nd2 Ne8 10. f4 f5 11. d5 Ne7 12. e4 g6 13. exf5 gxf5 14. Re1 Ng7 15.
Nf3 Ng6 16. Rb1 b6 17. Rb2 Re8 18. Rbe2 a6 19. g4 fxg4 20. Ng5 Qf6 21. Qc2 e5
22. fxe5 dxe5 23. Ne4 Qf8 24. Bg5 Nh5 25. Ng3 Nhf4 26. Bxg6 Nxg6 27. Rf1 Nf4
1/2-1/2

[Event "4NCL Division 1d"]
[Site "Birmingham, ENG"]
[Date "2016.03.20"]
[Round "8.184"]
[White "Shaw, Peter"]
[Black "Strugnell, Carl"]
[Result "1-0"]
[WhiteElo "2108"]
[BlackElo "2202"]
[PlyCount "81"]
[EventDate "2016.03.20"]
[WhiteTeam "White Rose 2"]
[BlackTeam "South Wales Dragons"]

1. d4 Nf6 2. c4 e6 3. Nc3 Bb4 4. Qc2 O-O 5. a3 Bxc3+ 6. Qxc3 b6 7. Bg5 Bb7 8.
f3 h6 9. Bh4 d5 10. e3 Nbd7 11. cxd5 exd5 12. Bd3 Re8 13. Ne2 Qe7 14. Bf2 c5
15. O-O Rac8 16. Qd2 Nb8 17. Ng3 Ba6 18. Nf5 Qd7 19. Rfe1 Bxd3 20. Qxd3 Nc6 21.
Bh4 Re6 22. Rac1 c4 23. Qc2 h5 24. Bf2 g6 25. Ng3 b5 26. Rcd1 Rd6 27. Ne2 a5
28. e4 dxe4 29. fxe4 Ng4 30. e5 Nxf2 31. Kxf2 Nxd4 32. Qe4 f5 33. Qe3 f4 34.
Qe4 Nf5 35. exd6 Re8 36. Qd5+ Kh7 37. Nxf4 Qa7+ 38. Kf1 Rf8 39. Qe4 Ng7 40.
Qxg6+ Kg8 41. g3 1-0

[Event "4NCL Division 1d"]
[Site "Birmingham, ENG"]
[Date "2016.03.20"]
[Round "8.185"]
[White "Williamson, Roger G"]
[Black "Burnett, Jim"]
[Result "1-0"]
[WhiteElo "2188"]
[BlackElo "2177"]
[PlyCount "41"]
[EventDate "2016.03.20"]
[WhiteTeam "South Wales Dragons"]
[BlackTeam "White Rose 2"]

1. d4 d5 2. c4 e6 3. Nf3 c6 4. Bg5 Qb6 5. e3 Qxb2 6. Nbd2 Nd7 7. a4 Qb6 8. Bd3
Ngf6 9. O-O Be7 10. h3 O-O 11. Qc2 Re8 12. a5 Qd8 13. cxd5 Nxd5 14. Bxh7+ Kh8
15. Bxe7 Qxe7 16. Be4 a6 17. Nc4 N7f6 18. Nce5 Nb4 19. Qb1 Nfd5 20. Bxd5 Nxd5
21. Ng5 1-0

[Event "4NCL Division 1d"]
[Site "Birmingham, ENG"]
[Date "2016.03.20"]
[Round "8.186"]
[White "Gayson, Peter M"]
[Black "Redmond, John P"]
[Result "1/2-1/2"]
[WhiteElo "2132"]
[BlackElo "2209"]
[PlyCount "42"]
[EventDate "2016.03.20"]
[WhiteTeam "White Rose 2"]
[BlackTeam "South Wales Dragons"]

1. e4 e6 2. d4 d5 3. Nd2 Nc6 4. Bb5 dxe4 5. Nxe4 Qd5 6. Bxc6+ Qxc6 7. f3 b6 8.
Ne2 Bb7 9. O-O Nf6 10. N2g3 Be7 11. Qe2 O-O 12. Re1 Rfe8 13. c3 Rad8 14. Bf4
Nd5 15. Bd2 Qa4 16. b3 Qa6 17. c4 Nb4 18. Bc3 Nc6 19. Rad1 Bb4 20. Qb2 Bxc3 21.
Qxc3 Qa5 1/2-1/2

[Event "4NCL Division 1d"]
[Site "Birmingham, ENG"]
[Date "2016.03.20"]
[Round "8.187"]
[White "Zeidler, Sven P"]
[Black "O'driscoll, Kieran"]
[Result "0-1"]
[WhiteElo "2190"]
[BlackElo "2101"]
[PlyCount "46"]
[EventDate "2016.03.20"]
[WhiteTeam "South Wales Dragons"]
[BlackTeam "White Rose 2"]

1. e4 d5 2. exd5 Nf6 3. Bb5+ Bd7 4. Bc4 Bg4 5. Nf3 Nxd5 6. c3 e6 7. Qa4+ Qd7 8.
Bb5 c6 9. Bxc6 Nxc6 10. Qxg4 O-O-O 11. O-O Bd6 12. Qc4 g5 13. d4 f6 14. b4 Kb8
15. Nbd2 Rc8 16. Qb3 g4 17. Ne1 Qc7 18. g3 h5 19. Ne4 h4 20. Nxd6 Qxd6 21. Ng2
Nxc3 22. Nxh4 Nxd4 23. Qb2 Rxh4 0-1

[Event "4NCL Division 1d"]
[Site "Birmingham, ENG"]
[Date "2016.03.20"]
[Round "8.188"]
[White "Gatzke, Carolin"]
[Black "Smith, Olivia"]
[Result "0-1"]
[WhiteElo "1730"]
[BlackElo "1999"]
[PlyCount "76"]
[EventDate "2016.03.20"]
[WhiteTeam "White Rose 2"]
[BlackTeam "South Wales Dragons"]

1. e4 e5 2. c4 Nf6 3. Nc3 Bc5 4. g3 d6 5. h3 Be6 6. d3 c6 7. Bg2 Qd7 8. Nge2 a5
9. Na4 Ba7 10. Be3 Bxe3 11. fxe3 Qc7 12. O-O b5 13. cxb5 cxb5 14. Nac3 Qb6 15.
Qd2 O-O 16. Kh2 b4 17. Nd5 Nxd5 18. exd5 Bd7 19. d4 Na6 20. g4 Rac8 21. Be4 Bb5
22. dxe5 dxe5 23. Bd3 Bxd3 24. Qxd3 Nc5 25. Qf5 Qd6 26. Rad1 e4+ 27. Kh1 Rce8
28. Qf4 Re5 29. Nc1 f6 30. Rd4 h6 31. Rfd1 g5 32. Qf1 f5 33. Qb5 fxg4 34. hxg4
Ree8 35. Rc4 Qg3 36. Qc6 Qh3+ 37. Kg1 Qxg4+ 38. Kh1 Qxd1+ 0-1